[Event "LSS SN-2008-0-00100"]
[Site "LSS email"]
[Date "2008.06.02"]
[Round "?"]
[White "Muszynski, Mateusz"]
[Black "Darevski, Vladimir"]
[Result "0-1"]
[WhiteElo "700"]
[BlackElo "1218"]
[PlyCount "30"]
[EventDate "2008.05.24"]
[EventType "tourn (corr)"]
[EventRounds "6"]
[EventCountry "GER"]
[SourceTitle "Corr 2015"]
[Source "ChessBase"]
[SourceDate "2015.07.17"]
[SourceVersion "1"]
[SourceVersionDate "2015.07.17"]
[SourceQuality "1"]

1. e4 c5 2. Nf3 d6 3. d4 cxd4 4. Nxd4 Nc6 5. Bb5 Bd7 6. Nc3 Nf6 7. Bg5 e6 8. f4 Be7 9. Qd3 0-0 10. 0-0-0 Nxd4 11. Bxd7 e5 12. Bh3 a6 13. fxe5 dxe5 14. g3 b5 15. Ne2 Nxe2+ 0-1

[Event "LSS RN-2008-0-00134"]
[Site "LSS email"]
[Date "2008.05.22"]
[Round "?"]
[White "Cellier, Cedric"]
[Black "Muszynski, Mateusz"]
[Result "1/2-1/2"]
[WhiteElo "662"]
[BlackElo "714"]
[PlyCount "48"]
[EventDate "2008.05.12"]
[EventType "tourn (corr)"]
[EventRounds "6"]
[EventCountry "GER"]
[SourceTitle "Corr 2011"]
[Source "ChessBase"]
[SourceDate "2010.08.31"]
[SourceVersion "1"]
[SourceVersionDate "2010.08.31"]
[SourceQuality "1"]

1. d4 Nf6 2. Nc3 g6 3. e4 d6 4. Bc4 Bg7 5. Nge2 0-0 6. Nf4 c5 7. Be3 cxd4 8. Bxd4 Nc6 9. Qd2 Nxd4 10. Qxd4 Nh5 11. Qe3 Nxf4 12. Qxf4 Qa5 13. 0-0 Bxc3 14. bxc3 Qxc3 15. Bb3 b6 16. Rfe1 Bb7 17. h3 e5 18. Qg4 Qc7 19. a4 Rac8 20. Rad1 Rcd8 21. h4 Qd7 22. Qg3 Qe7 23. h5 Kg7 24. Ra1 Qf6 1/2-1/2

[Event "LSS RN-2008-0-00134"]
[Site "LSS email"]
[Date "2008.05.21"]
[Round "?"]
[White "Losev, Vyacheslav"]
[Black "Muszynski, Mateusz"]
[Result "1-0"]
[WhiteElo "649"]
[BlackElo "714"]
[PlyCount "41"]
[EventDate "2008.05.12"]
[EventType "tourn (corr)"]
[EventRounds "6"]
[EventCountry "GER"]
[SourceTitle "Corr 2011"]
[Source "ChessBase"]
[SourceDate "2010.08.31"]
[SourceVersion "1"]
[SourceVersionDate "2010.08.31"]
[SourceQuality "1"]

1. e4 c5 2. Nf3 d6 3. Bc4 Nc6 4. d3 Nf6 5. Nc3 a6 6. 0-0 b5 7. Bb3 g6 8. Bg5 Bg7 9. h3 0-0 10. Re1 Na5 11. Bd5 Rb8 12. Ne2 Nxd5 13. exd5 h6 14. Bh4 Bxb2 15. Rb1 Bg7 16. Nf4 Bb7 17. Bxe7 Qd7 18. Bxf8 Kxf8 19. Qd2 Re8 20. Rxe8+ Qxe8 21. Qxa5 1-0

[Event "LSS SN-2008-0-00097"]
[Site "LSS email"]
[Date "2008.05.13"]
[Round "?"]
[White "Muszynski, Mateusz"]
[Black "Lam, Simon"]
[Result "1-0"]
[WhiteElo "724"]
[BlackElo "800"]
[PlyCount "47"]
[EventDate "2008.05.01"]
[EventType "tourn (corr)"]
[EventRounds "6"]
[EventCountry "GER"]
[SourceTitle "Corr 2011"]
[Source "ChessBase"]
[SourceDate "2010.08.31"]
[SourceVersion "1"]
[SourceVersionDate "2010.08.31"]
[SourceQuality "1"]

1. e4 e5 2. Nf3 Nc6 3. Bb5 a6 4. Ba4 Nf6 5. 0-0 Be7 6. Re1 b5 7. Bb3 0-0 8. c3 d5 9. exd5 Nxd5 10. Nxe5 Nxe5 11. Rxe5 c6 12. d4 Bd6 13. Re1 Qh4 14. g3 Qh3 15. Bxd5 cxd5 16. Qf3 Bf5 17. Bf4 Rae8 18. Nd2 Bxf4 19. Qxf4 Be6 20. Nf3 h6 21. Re2 Re7 22. Rae1 Rfe8 23. a3 a5 24. Qh4 1-0

[Event "LSS RN-2008-0-00133"]
[Site "LSS email"]
[Date "2008.05.11"]
[Round "?"]
[White "Muszynski, Mateusz"]
[Black "Mori, Roberto"]
[Result "1-0"]
[WhiteElo "724"]
[BlackElo "703"]
[PlyCount "29"]
[EventDate "2008.05.06"]
[EventType "tourn (corr)"]
[EventRounds "6"]
[EventCountry "GER"]
[SourceTitle "Corr 2011"]
[Source "ChessBase"]
[SourceDate "2010.08.31"]
[SourceVersion "1"]
[SourceVersionDate "2010.08.31"]
[SourceQuality "1"]

1. e4 e5 2. Nf3 Nc6 3. Bb5 Nge7 4. Nc3 a6 5. Ba4 b5 6. Bb3 Ng6 7. d4 exd4 8. Nxd4 Bb4 9. Nxc6 dxc6 10. Qxd8+ Kxd8 11. Bxf7 Bxc3+ 12. bxc3 Ne5 13. Bg5+ Kd7 14. Rd1+ Nd3+ 15. Rxd3# 1-0

[Event "LSS RN-2008-0-00133"]
[Site "LSS email"]
[Date "2008.05.11"]
[Round "?"]
[White "Nap, Pali"]
[Black "Muszynski, Mateusz"]
[Result "1-0"]
[WhiteElo "800"]
[BlackElo "724"]
[PlyCount "33"]
[EventDate "2008.05.06"]
[EventType "tourn (corr)"]
[EventRounds "6"]
[EventCountry "GER"]
[SourceTitle "Corr 2011"]
[Source "ChessBase"]
[SourceDate "2010.08.31"]
[SourceVersion "1"]
[SourceVersionDate "2010.08.31"]
[SourceQuality "1"]

1. d4 Nf6 2. Nf3 e6 3. Bg5 Be7 4. Nc3 b6 5. e4 Bb7 6. Bd3 0-0 7. 0-0 d5 8. exd5 Nxd5 9. Nxd5 Bxg5 10. Nxc7 Qxc7 11. Nxg5 g6 12. Qg4 f5 13. Qh4 Qd7 14. Rfe1 Re8 15. Rxe6 Rxe6 16. Bc4 Bd5 17. Bxd5 1-0

[Event "LSS SN-2008-0-00096"]
[Site "LSS email"]
[Date "2008.05.10"]
[Round "?"]
[White "Muszynski, Mateusz"]
[Black "Lanier, Jeff"]
[Result "0-1"]
[WhiteElo "700"]
[BlackElo "827"]
[PlyCount "80"]
[EventDate "2008.05.01"]
[EventType "tourn (corr)"]
[EventRounds "6"]
[EventCountry "GER"]
[SourceTitle "Corr 2015"]
[Source "ChessBase"]
[SourceDate "2015.07.17"]
[SourceVersion "1"]
[SourceVersionDate "2015.07.17"]
[SourceQuality "1"]

1. e4 e5 2. Nf3 d6 3. d4 exd4 4. Nxd4 h6 5. Nc3 Nf6 6. Bc4 Bg4 7. f3 Bd7 8. Be3 Nc6 9. 0-0 Nxd4 10. Bxd4 c5 11. Bf2 Be7 12. Nd5 0-0 13. Nxe7+ Qxe7 14. Qe2 a6 15. Rfe1 b5 16. Bd5 Nxd5 17. exd5 Qxe2 18. Rxe2 Bf5 19. c3 Rfe8 20. Rae1 Kf8 21. Rxe8+ Rxe8 22. Rxe8+ Kxe8 23. Bg3 Kd7 24. Kf2 Bd3 25. a3 Bc4 26. Ke3 Bxd5 27. b4 g5 28. h4 f5 29. hxg5 hxg5 30. Be1 cxb4 31. cxb4 Ke6 32. Bc3 Bc4 33. g4 fxg4 34. fxg4 Bf1 35. Ke4 Bg2+ 36. Ke3 Kd5 37. Kd3 Bf3 38. Bf6 Bxg4 39. Bxg5 Ke5 40. Bd2 Kd5 0-1

[Event "LSS SN-2008-0-00096"]
[Site "LSS email"]
[Date "2008.05.10"]
[Round "?"]
[White "Muszynski, Mateusz"]
[Black "Pehl, Ferenc"]
[Result "1/2-1/2"]
[WhiteElo "724"]
[BlackElo "869"]
[PlyCount "49"]
[EventDate "2008.05.01"]
[EventType "tourn (corr)"]
[EventRounds "6"]
[EventCountry "GER"]
[SourceTitle "Corr 2011"]
[Source "ChessBase"]
[SourceDate "2010.08.31"]
[SourceVersion "1"]
[SourceVersionDate "2010.08.31"]
[SourceQuality "1"]

1. e4 e5 2. Nf3 Nc6 3. Bb5 a6 4. Ba4 Nf6 5. 0-0 b5 6. Bb3 Be7 7. Re1 0-0 8. c3 d6 9. h3 h6 10. d4 Bd7 11. d5 Na5 12. Nbd2 Nxb3 13. Qxb3 c5 14. c4 b4 15. a3 a5 16. axb4 axb4 17. Rxa8 Qxa8 18. Nf1 Qa6 19. Ng3 Ra8 20. Qc2 Qa2 21. Nf5 Bxf5 22. exf5 Nd7 23. Nd2 Bg5 24. Ne4 Bxc1 25. Rxc1 1/2-1/2

[Event "LSS OP-2008-0-00534"]
[Site "LSS email"]
[Date "2008.05.10"]
[Round "?"]
[White "Muszynski, Mateusz"]
[Black "Petidis, Kostas"]
[Result "1/2-1/2"]
[WhiteElo "724"]
[BlackElo "759"]
[PlyCount "51"]
[EventDate "2008.05.06"]
[EventType "tourn (corr)"]
[EventRounds "4"]
[EventCountry "GER"]
[SourceTitle "Corr 2011"]
[Source "ChessBase"]
[SourceDate "2010.08.31"]
[SourceVersion "1"]
[SourceVersionDate "2010.08.31"]
[SourceQuality "1"]

1. e4 e6 2. d4 d5 3. Nd2 Nf6 4. e5 Ng8 5. Ngf3 c5 6. Bb5+ Bd7 7. Bxd7+ Nxd7 8. 0-0 Ne7 9. c3 Ng6 10. g3 Be7 11. Re1 0-0 12. Qc2 a6 13. a4 Qc7 14. b3 Rfc8 15. Qd3 cxd4 16. cxd4 Qc3 17. Qxc3 Rxc3 18. Bb2 Rc2 19. Rab1 Rac8 20. Rec1 Rxc1+ 21. Rxc1 Rxc1+ 22. Bxc1 Bb4 23. Nf1 Ne7 24. Bd2 Bxd2 25. N1xd2 Nf5 26. Nb1 1/2-1/2

[Event "LSS OP-2008-0-00534"]
[Site "LSS email"]
[Date "2008.05.10"]
[Round "?"]
[White "Tacke Ungruh, Rainer"]
[Black "Muszynski, Mateusz"]
[Result "1-0"]
[WhiteElo "800"]
[BlackElo "724"]
[PlyCount "59"]
[EventDate "2008.05.06"]
[EventType "tourn (corr)"]
[EventRounds "4"]
[EventCountry "GER"]
[SourceTitle "Corr 2022"]
[Source "ChessBase"]
[SourceDate "2021.10.24"]
[SourceVersion "1"]
[SourceVersionDate "2021.10.24"]
[SourceQuality "1"]

1. d4 Nf6 2. c4 g6 3. Nc3 Bg7 4. e4 d6 5. Be2 0-0 6. Nf3 e5 7. 0-0 a5 8. d5 Bg4 9. Ne1 Bxe2 10. Qxe2 Nbd7 11. Be3 c5 12. Nd3 Nb6 13. b3 a4 14. Nb2 axb3 15. axb3 Qd7 16. Bg5 Qg4 17. Qxg4 Nxg4 18. Be7 Rfe8 19. Bxd6 Rac8 20. Ra7 Bf8 21. Nb5 Ra8 22. Rxb7 Bxd6 23. Nxd6 Reb8 24. Nd3 Rxb7 25. Nxb7 Rb8 26. Nbxc5 Nc8 27. Ra1 Nd6 28. f3 Nf6 29. Nxe5 Nb7 30. Nc6 1-0

[Event "LSS BI-2008-P-00001"]
[Site "LSS email"]
[Date "2008.04.27"]
[Round "?"]
[White "Amann, Klaus"]
[Black "Muszynski, Mateusz"]
[Result "1-0"]
[WhiteElo "2083"]
[BlackElo "743"]
[PlyCount "53"]
[EventDate "2008.04.27"]
[EventType "tourn (corr)"]
[EventRounds "10"]
[EventCountry "GER"]
[SourceTitle "Corr 2011"]
[Source "ChessBase"]
[SourceDate "2010.08.31"]
[SourceVersion "1"]
[SourceVersionDate "2010.08.31"]
[SourceQuality "1"]

1. e4 c5 2. c3 Nf6 3. e5 Nd5 4. d4 cxd4 5. cxd4 Nc6 6. Nf3 e6 7. Bc4 Bb4+ 8. Bd2 Bxd2+ 9. Qxd2 b6 10. Bxd5 exd5 11. 0-0 0-0 12. Qf4 Ba6 13. Re1 h6 14. Nc3 Nb4 15. Qd2 Rc8 16. a3 Nc6 17. Nxd5 Ne7 18. Nxe7+ Qxe7 19. Qb4 Qxb4 20. axb4 Bb7 21. Nh4 Rc4 22. Rxa7 Bc6 23. Nf5 Rxb4 24. d5 Bxd5 25. Ne7+ Kh8 26. Nxd5 Rxb2 27. Rxd7 1-0

[Event "LSS BI-2008-P-00001"]
[Site "LSS email"]
[Date "2008.04.27"]
[Round "?"]
[White "Fages, Jorge Juan"]
[Black "Muszynski, Mateusz"]
[Result "1-0"]
[WhiteElo "2129"]
[BlackElo "743"]
[PlyCount "31"]
[EventDate "2008.04.27"]
[EventType "tourn (corr)"]
[EventRounds "10"]
[EventCountry "GER"]
[SourceTitle "Corr 2011"]
[Source "ChessBase"]
[SourceDate "2010.08.31"]
[SourceVersion "1"]
[SourceVersionDate "2010.08.31"]
[SourceQuality "1"]

1. d4 Nf6 2. c4 g6 3. Nc3 Bg7 4. e4 d6 5. Nf3 0-0 6. Be2 e5 7. 0-0 Nc6 8. d5 Ne7 9. Nd2 Nd7 10. b4 f5 11. c5 dxc5 12. bxc5 Nxc5 13. Ba3 Nd7 14. Nb5 a6 15. Nxc7 Qxc7 16. d6 1-0

[Event "LSS BI-2008-P-00001"]
[Site "LSS email"]
[Date "2008.04.27"]
[Round "?"]
[White "Muszynski, Mateusz"]
[Black "Aberbach Peltzman, Angel Sergio"]
[Result "0-1"]
[WhiteElo "700"]
[BlackElo "1994"]
[PlyCount "54"]
[EventDate "2008.04.27"]
[EventType "tourn (corr)"]
[EventRounds "10"]
[EventCountry "GER"]
[SourceTitle "Corr 2015"]
[Source "ChessBase"]
[SourceDate "2015.07.17"]
[SourceVersion "1"]
[SourceVersionDate "2015.07.17"]
[SourceQuality "1"]

1. e4 c5 2. c3 Nf6 3. e5 Nd5 4. d4 cxd4 5. cxd4 d6 6. Nf3 Nc6 7. Nc3 dxe5 8. dxe5 Nxc3 9. Qxd8+ Nxd8 10. bxc3 Bd7 11. Bd3 Rc8 12. Bb2 g6 13. 0-0 Bg7 14. Be4 Ne6 15. Rac1 Nc5 16. Bc2 0-0 17. Rfd1 Bg4 18. c4 b6 19. Ba3 Bxf3 20. gxf3 Bxe5 21. Bxc5 Rxc5 22. Be4 e6 23. Rd7 b5 24. Rxa7 bxc4 25. Ra4 c3 26. Ra3 Rd8 27. Rb3 Rd2 0-1

[Event "LSS SN-2008-0-00092"]
[Site "LSS email"]
[Date "2008.04.02"]
[Round "?"]
[White "Razo, Ryan Jose"]
[Black "Muszynski, Mateusz"]
[Result "1-0"]
[WhiteElo "815"]
[BlackElo "770"]
[PlyCount "43"]
[EventDate "2008.03.24"]
[EventType "tourn (corr)"]
[EventRounds "6"]
[EventCountry "GER"]
[SourceTitle "Corr 2011"]
[Source "ChessBase"]
[SourceDate "2010.08.31"]
[SourceVersion "1"]
[SourceVersionDate "2010.08.31"]
[SourceQuality "1"]

1. Nf3 d5 2. g3 b6 3. Bg2 Bb7 4. 0-0 Nf6 5. d4 e6 6. Nbd2 c5 7. c3 c4 8. Ne5 Bd6 9. Nexc4 Qc7 10. Nxd6+ Qxd6 11. Nf3 0-0 12. b3 Nc6 13. Bb2 Rfc8 14. Qc1 Ba6 15. Ba3 Qc7 16. Qd2 Na5 17. Rfc1 Qd7 18. Ne5 Qb7 19. c4 dxc4 20. bxc4 Bxc4 21. Bxb7 Nxb7 22. Rxc4 1-0

[Event "ZN-2008-0-00441"]
[Site "LSS email"]
[Date "2008.04.01"]
[Round "?"]
[White "Muszynski, Mateusz"]
[Black "Yangibayev, N."]
[Result "1-0"]
[WhiteElo "736"]
[BlackElo "629"]
[PlyCount "29"]
[EventDate "2008.03.30"]
[EventType "match (corr)"]
[EventRounds "2"]
[EventCountry "GER"]
[SourceTitle "Corr 2022"]
[Source "ChessBase"]
[SourceDate "2021.10.24"]
[SourceVersion "1"]
[SourceVersionDate "2021.10.24"]
[SourceQuality "1"]

1. Nf3 Nf6 2. g3 d5 3. Bg2 Bg4 4. b3 e6 5. Bb2 Bc5 6. 0-0 0-0 7. d3 c6 8. c4 Nbd7 9. Nbd2 a6 10. Rc1 Ba7 11. h3 Bf5 12. Re1 Rc8 13. cxd5 cxd5 14. Nh4 Qc7 15. Rxc7 1-0